<?xml version="1.0" encoding="UTF-8"?>
<record
    xmlns:xsi="http://www.w3.org/2001/XMLSchema-instance"
    xsi:schemaLocation="http://www.loc.gov/MARC21/slim http://www.loc.gov/standards/marcxml/schema/MARC21slim.xsd"
    xmlns="http://www.loc.gov/MARC21/slim">

  <leader>00745nam a22001817a 4500</leader>
  <controlfield tag="005">20120419115530.0</controlfield>
  <datafield tag="020" ind1=" " ind2=" ">
    <subfield code="c">250.00</subfield>
    <subfield code="a">8187364130</subfield>
  </datafield>
  <datafield tag="035" ind1=" " ind2=" ">
    <subfield code="a">B-149376</subfield>
  </datafield>
  <datafield tag="037" ind1=" " ind2=" ">
    <subfield code="b"> </subfield>
    <subfield code="a">dpl</subfield>
  </datafield>
  <datafield tag="082" ind1=" " ind2=" ">
    <subfield code="a">363.35</subfield>
  </datafield>
  <datafield tag="100" ind1=" " ind2=" ">
    <subfield code="a">&#x905;&#x916;&#x93F;&#x932;&#x947;&#x936;, &#x90F;&#x938;.</subfield>
    <subfield code="9">45375</subfield>
  </datafield>
  <datafield tag="245" ind1="1" ind2=" ">
    <subfield code="a">&#x905;&#x92A;&#x930;&#x93E;&#x927; &#x905;&#x928;&#x94D;&#x935;&#x947;&#x937;&#x923;  /</subfield>
    <subfield code="c">&#x90F;&#x938;. &#x905;&#x916;&#x93F;&#x932;&#x947;&#x936;</subfield>
  </datafield>
  <datafield tag="260" ind1=" " ind2=" ">
    <subfield code="a">&#x92D;&#x94B;&#x92A;&#x93E;&#x932;</subfield>
    <subfield code="b">&#x917;&#x93E;&#x92F;&#x924;&#x94D;&#x930;&#x940; &#x92A;&#x92C;&#x94D;&#x932;&#x93F;&#x915;&#x947;&#x936;&#x928;&#x94D;&#x938;</subfield>
    <subfield code="c">2004</subfield>
  </datafield>
  <datafield tag="270" ind1=" " ind2=" ">
    <subfield code="a"> </subfield>
    <subfield code="b"> </subfield>
    <subfield code="e"> </subfield>
    <subfield code="k"> </subfield>
  </datafield>
  <datafield tag="300" ind1=" " ind2=" ">
    <subfield code="a">243&#x92A;&#x943;.</subfield>
    <subfield code="c">22&#x938;&#x947;&#x92E;&#x940; (&#x938;&#x91C;&#x93F;&#x932;&#x94D;&#x926;)</subfield>
  </datafield>
  <datafield tag="942" ind1=" " ind2=" ">
    <subfield code="a">dpl</subfield>
    <subfield code="c">HN</subfield>
    <subfield code="k"> </subfield>
    <subfield code="2">ddc</subfield>
    <subfield code="h">363.55</subfield>
    <subfield code="m">&#x905;&#x916;&#x93F;&#x932;&#x947; </subfield>
  </datafield>
  <datafield tag="999" ind1=" " ind2=" ">
    <subfield code="c">65258</subfield>
    <subfield code="d">65258</subfield>
  </datafield>
  <datafield tag="952" ind1=" " ind2=" ">
    <subfield code="0">0</subfield>
    <subfield code="1">0</subfield>
    <subfield code="4">0</subfield>
    <subfield code="7">0</subfield>
    <subfield code="8">NFIC</subfield>
    <subfield code="a">ZLS</subfield>
    <subfield code="b">ZLS</subfield>
    <subfield code="d">2012-04-19</subfield>
    <subfield code="g">250.00</subfield>
    <subfield code="l">0</subfield>
    <subfield code="o">363.55 &#x905;&#x916;&#x93F;&#x932;&#x947;</subfield>
    <subfield code="p">B-149376</subfield>
    <subfield code="r">2012-04-19 00:00:00</subfield>
    <subfield code="v">250.00</subfield>
    <subfield code="w">2012-04-19</subfield>
    <subfield code="y">HN</subfield>
  </datafield>
</record>
